The Namahage : a festival in the northeast of Japan /

Bibliographic Details
Main Author: Yamamoto, Yoshiko
Format: Book
Language:English
Published: Philadelphia : Institute for the Study of Human Issues, [1978]
Subjects:

MARC

Tag First Indicator Second Indicator Subfields
LEADER 00000cam a22000008i 4500
001 in00000619321
005 20151015051621.0
008 780201s1978 paua b 00110 eng
010 |a  78001500  
020 |a 0915980665 
035 |a (OCoLC)03649922 
035 |9 ACT7637AM 
040 |a DLC  |c DLC  |d TXA  |d UtOrBLW 
043 |a a-ja--- 
049 |a TXAM  |c [1401999] 
050 0 0 |a GT4884.O34  |b Y35 
082 0 |a 394.2/683 
100 1 |a Yamamoto, Yoshiko. 
245 1 4 |a The Namahage :  |b a festival in the northeast of Japan /  |c Yoshiko Yamamoto ; with a foreword by Robert J. Smith. 
264 1 |a Philadelphia :  |b Institute for the Study of Human Issues,  |c [1978] 
264 4 |c ©1978 
300 |a 169 pages :  |b illustrations ;  |c 22 cm. 
336 |a text  |b txt  |2 rdacontent 
337 |a unmediated  |b n  |2 rdamedia 
338 |a volume  |b nc  |2 rdacarrier 
500 |a Includes index. 
504 |a Bibliography: pages 161-166. 
650 0 |a New Year  |z Japan. 
651 0 |a Oga-shi (Japan)  |x Festivals, etc. 
999 |a MARS 
999 f f |s 737b9a11-25b2-34e6-8847-9022f193f796  |i f3d0eb82-fff4-3629-966c-8b2583c41056  |t 0 
952 f f |p ric  |a Texas A&M University  |b Rellis Campus  |c Joint Library Facility  |d Remote Storage  |t 0  |e GT4884.O34 Y35  |h Library of Congress classification  |i unmediated -- volume  |m A14802449689 
998 f f |a GT4884.O34 Y35  |t 0  |l Remote Storage